000 00721nam a2200289Ia 4500
005 20260324140528.0
008 008 260324s9999 xx 000 0 eng d
020 _a9781410601506
037 _aEBOOK
040 _aCRL
040 _beng
040 _cCRL
041 _2eng
041 _aeng
084 _qCRL
100 _aVonnie C. McLoyd; Laurence Steinberg
_91204743
245 0 _aStudying Minority Adolescents
245 0 _bConceptual, Methodological, and Theoretical Issues
260 _bTaylor and Francis
260 _c1998
365 _a
365 _b230
856 _uhttp://www.taylorfrancis.com/books/9781410601506
942 _cEBOOK
999 _c1806922
_d1806922